Нормален изглед
MARC изглед
- Куксарт, Бернадет
Вход 01. Лично име
001 - Контролен номер на записа
- Контролно поле: 465467
003 - Код на организацията, даваща контролен номер
- Контролно поле: BLK
005 - Дата и час на последна промяна на записа
- Контролно поле: 20211011112506.0
008 - Данни с фиксирана дължина – обща информация
- Данни с фиксирана дължина : 211011|| aca||aabn | a|a d
100 ## - ИМЕ НА ЛИЦЕ -ПЪРВИЧНА ИНТЕЛЕКТУАЛНА ОТГОВОРНОСТ
- Лично име: Куксарт, Бернадет
942 ## - Системна служебна употреба
- Koha auth type: PERSO_NAME